000
00266nam a22001217a 4500
008
180205b xxu||||| |||| 00| 0 eng d
041
_a
eng
080
_a
911
100
_a
42
101
_a
GJEO
245
_a
Great Adventures
_c
National Geographic
942
_2
udc
_c
BK
999
_c
41829
_d
41829